<?xml version="1.0" encoding="UTF-8"?>
<marc:record xmlns:marc="http://www.loc.gov/MARC21/slim">
   <marc:leader>00000nam a2200000 a 4500</marc:leader>
   <marc:datafield ind1="1" ind2=" " tag="100">
      <marc:subfield code="a">Vogt, Rudolf</marc:subfield>
      <marc:subfield code="4">aut</marc:subfield>
      <marc:subfield code="e">Verfasser/-in</marc:subfield>
   </marc:datafield>
   <marc:datafield ind1=" " ind2=" " tag="653">
      <marc:subfield code="a">Europa: Deutschland</marc:subfield>
   </marc:datafield>
   <marc:datafield ind1=" " ind2=" " tag="653">
      <marc:subfield code="a">Frühförderung, n.n.b. #</marc:subfield>
   </marc:datafield>
   <marc:datafield ind1=" " ind2=" " tag="653">
      <marc:subfield code="a">Integrationspädagogik</marc:subfield>
   </marc:datafield>
   <marc:datafield ind1=" " ind2=" " tag="653">
      <marc:subfield code="a">Sonderpädagogik (Grundlagen)</marc:subfield>
   </marc:datafield>
   <marc:datafield ind1=" " ind2=" " tag="653">
      <marc:subfield code="a">Situation, soziale</marc:subfield>
   </marc:datafield>
   <marc:datafield ind1=" " ind2=" " tag="653">
      <marc:subfield code="a">Kindertageseinrichtung &amp; -betreuung</marc:subfield>
   </marc:datafield>
   <marc:datafield ind1="0" ind2="0" tag="245">
      <marc:subfield code="a">Integration von Kindern mit Behinderungen, Verhaltensschwierigkeiten und einem besonderen erzieherischen Bedarf in Kindertageseinrichtungen</marc:subfield>
   </marc:datafield>
   <marc:datafield ind1="0" ind2="0" tag="245">
      <marc:subfield code="c">Rudolf Vogt</marc:subfield>
   </marc:datafield>
   <marc:datafield ind1=" " ind2="1" tag="264">
      <marc:subfield code="a">Kronach</marc:subfield>
      <marc:subfield code="b">Link</marc:subfield>
      <marc:subfield code="c">2007</marc:subfield>
   </marc:datafield>
   <marc:datafield ind1="1" ind2=" " tag="490">
      <marc:subfield code="a">Praxis der Kindertageseinrichtungen</marc:subfield>
   </marc:datafield>
   <marc:datafield ind1=" " ind2=" " tag="250">
      <marc:subfield code="a">1. Auflage</marc:subfield>
   </marc:datafield>
   <marc:datafield ind1="1" ind2=" " tag="520">
      <marc:subfield code="a">In Baden-Württemberg werden ca. 4500 Kinder mit Behinderung in Schulkindergärten und ca. 2900 in herkömmlichen Kindertageseinrichtungen betreut und gefördert. Im Rahmen des Konzeptes "Schulreifes Kind" sollen Kinder mit Entwicklungsverzögerungen in Präventivklassen und Präventivgruppen an insgesamt 245 Standorten vor der Einschulung gezielt unterstützt werden. Fachkräfte von Kindertageseinrichtungen berichten über die Zunahme verhaltenschwieriger Kinder und Familien, die erzieherische Hilfen benötigen. Studien zufolge weisen bis zu 17%der Kinder im Vorschulalter ernst hafte Schwierigkeiten im Sozialveralten auf. Um beeinträchtigten Kindern jeweils die geeigneten und möglichen Helfen zukommen zu lassen, bedarf es entsprechender Kenntnisse über die Strukturen der Angebote die rechtlichen Grundlagen und über pädagogische Förderkonzepte. Außerdem bedarf es auf der Ebene der Landkreise und der Gemeinden einer grundsätzlichen Planung über den vorhandenen Bedarf und entsprechender Angebotsformen. Die Inhalte dieses Handbuches sollen für alle Beteiligten eine Orientierungshilfe sein, bei der Suche nach der geeigneten Förderung von beeinträchtigten Kindern und für die Schaffung der Voraussetzungen dazu.</marc:subfield>
   </marc:datafield>
   <marc:datafield ind1=" " ind2=" " tag="020">
      <marc:subfield code="a">9783556011669</marc:subfield>
      <marc:subfield code="9">9783556011669</marc:subfield>
   </marc:datafield>
   <marc:datafield ind1=" " ind2=" " tag="041">
      <marc:subfield code="a">ger</marc:subfield>
   </marc:datafield>
   <marc:datafield ind1="1" ind2=" " tag="521">
      <marc:subfield code="a">16</marc:subfield>
   </marc:datafield>
   <marc:datafield ind1=" " ind2=" " tag="300">
      <marc:subfield code="a">164 S.</marc:subfield>
   </marc:datafield>
</marc:record>
